| 000 | 00396 a2200133 4500 | ||
|---|---|---|---|
| 001 | 87918 | ||
| 082 | _aPR 256 | ||
| 090 |
_c41385 _d41385 |
||
| 100 | _aUmar Farhan Muhammad; Eubaid John Prof | ||
| 245 |
_aDesign improvement of cockpit cooling of single and dual seater mirage aircraft _nG-66 |
||
| 260 |
_aRisalpur _bNUST _c2008 |
||
| 300 |
_axi, 60 p. _ewith CD |
||
| 500 | _aBE project reports AE | ||
| 942 |
_aCAE NUST _kPR 256 |
||
| 999 |
_c322991 _d322991 |
||